000 00583nam a2200145Ia 4500
008 250506s9999 xx 000 0 und d
024 _a17B-017-PE, 17B-020-PE & 17B-029-PE
082 _a621.31072 BUK
100 _aSyed Huzaifa Shah Bukhari, Syed Muhammad Hanzala & Muhammad Saad Hussain
245 0 _aTraffic Wind Turbine (Winds of Change) (with CD)
260 _aKarachi:
_bUIT,
_c2017
600 _aPower Engineering
650 _aBachelor of Engineering (BE)
856 _uhttps://drive.google.com/file/d/1sRmpqHXIUUKTII4VMtQFiD0YXo7XoxtB/view?usp=sharing
_yClick here for PDF
999 _c29003
_d29003